LEADER 01017nam0-2200289---450- 001 990008470940403321 005 20070219123919.0 035 $a000847094 035 $aFED01000847094 035 $a(Aleph)000847094FED01 035 $a000847094 100 $a20070219d--------km-y0itay50------ba 101 1 $aita 102 $aIT 105 $a--------001yy 200 1 $aDocumentazione di edilizia scolastica$eaccessioni biblioteca n. 2$ecatalogazione riviste architettura: asili nido e scuole materne 210 $aRoma$c[s.n.]$d1974 215 $a47 p.$d30 cm 300 $aMinistero della pubblica istruzione. Direzione generale per l'edilizia scolastica e per l'arredamento della scuola. Centro studi per l'edilizia scolastica 710 01$aItalia.$bMinistero della pubblica istruzione$0354240 801 0$aIT$bUNINA$gRICA$2UNIMARC 901 $aBK 912 $a990008470940403321 952 $a222004$b3490$fDCATA 959 $aDCATA 996 $aDocumentazione di edilizia scolastica$9729705 997 $aUNINA LEADER 01777nas 2200457-a 450 001 996321426003316 005 20240413025943.0 011 $a2443-3853 035 $a(CKB)991042732765840 035 $a(CONSER)---98474776- 035 $a(EXLCZ)99991042732765840 100 $a20000908b19962015 -a- - 101 0 $aind 200 10$aAnalisa $ejurnal pengkajian masalah sosial keagamaan 210 $aSemarang $cBalai Penelitian Aliran Kerohanian/Keagamaan$d1996-2015 210 3 $aNgaliyan, Semarang $cBalai Penelitian dan Pengembangan Agama Semarang 215 $a1 online resource 300 $aRefereed/Peer-reviewed 300 $aTitle from cover. 311 08$aPrint version: Analisa (Balai Penelitian Aliran Kerohanian/Keagamaan (Indonesia)) 1410-4350 (DLC) 98474776 (OCoLC)44965021 517 1 $aJournal of social science and religion 606 $aReligion and social problems$zIndonesia$vPeriodicals 606 $aMysticism$zIndonesia$vPeriodicals 606 $aMysticism$2fast$3(OCoLC)fst01031629 606 $aReligion$2fast$3(OCoLC)fst01093763 606 $aReligion and social problems$2fast$3(OCoLC)fst01093855 607 $aIndonesia$xReligion$vPeriodicals 607 $aIndonesia$2fast$1https://id.oclc.org/worldcat/entity/E39PBJcrbVHmQ674B9vYY3X8G3 608 $aPeriodicals.$2fast 615 0$aReligion and social problems 615 0$aMysticism 615 7$aMysticism. 615 7$aReligion. 615 7$aReligion and social problems. 712 02$aBalai Penelitian Aliran Kerohanian/Keagamaan (Indonesia) 712 02$aBalai Penelitian dan Pengembangan Agama Semarang (Indonesia) 906 $aNEWSPAPER 912 $a996321426003316 920 $aexl_impl conversion 996 $aAnalisa$91321666 997 $aUNISA LEADER 03095oam 2200637zu 450 001 9910131787603321 005 20210807004839.0 010 $a9782753526860 010 $a2753526869 010 $a9782821818040 010 $a2821818041 024 7 $a10.4000/books.pur.1802 035 $a(CKB)3460000000122251 035 $a(SSID)ssj0001537370 035 $a(PQKBManifestationID)11876249 035 $a(PQKBTitleCode)TC0001537370 035 $a(PQKBWorkID)11518249 035 $a(PQKB)10636694 035 $a(WaSeSS)IndRDA00044667 035 $z(PPN)18283929X 035 $a(FrMaCLE)OB-pur-1802 035 $a(oapen)https://directory.doabooks.org/handle/20.500.12854/47599 035 $a(PPN)267953631 035 $a(FR-PaCSA)88927300 035 $a(FRCYB88927300)88927300 035 $a(oapen)doab47599 035 $a(EXLCZ)993460000000122251 100 $a20160829d2001 uy 101 0 $afre 135 $aur||||||||||| 181 $ctxt 182 $cc 183 $acr 200 10$aFigures de l'écrivain dans le cinéma américain : itinéraires de la "voix baladeuse" 210 $cPresses universitaires de Rennes$d2001 210 31$a[Place of publication not identified]$cPresses universitaires de Rennes$d2001 215 $a1 online resource (298 pages) 225 1 $aSpectaculaire 300 $aBibliographic Level Mode of Issuance: Monograph 311 08$a9782868476180 311 08$a286847618X 320 $aIncludes bibliographical references and index. 330 $aL?écrivain-personnage est un pôle d?attraction tant pour le cinéaste que pour le spectateur : Hollywood a produit plus de 250 films traitant d?écrivains. Mais pourquoi reviennent-ils donc si souvent dans le cinéma américain ? Trudy Bolter, Américaine, maître de conférences en culture nord-américaine à l?Institut d?études politiques de Bordeaux (université Montesquieu Bordeaux 4), analyse une vingtaine de « writer-films » pour expliquer le pouvoir de la figure de l?écrivain sur la scène culturelle des États-Unis. À travers la mise en spectacle de l?écrivain-personnage, oscillant entre sanctification et déchéance, le spectateur qui « réécrit » l?histoire du film met en marche sa « voix baladeuse », se reconnaissant dans le personnage. Grâce à l?étude de l?histoire culturelle des États-Unis et à l?analyse textuelle, guidée par la psychologie cognitive bordwellienne et le formalisme russe eichenbaumien, Trudy Bolter décrit et définit la « voix baladeuse » où s?exprime l?envie d?écrire présente chez le spectateur. 410 0$aCollection "Le spectaculaire" 606 $aMusic, Dance, Drama & Film$2HILCC 606 $aFilm$2HILCC 610 $aHollywood 610 $acinéma 615 7$aMusic, Dance, Drama & Film 615 7$aFilm 700 $aBolter$b Trudy$0967804 801 0$bPQKB 906 $aBOOK 912 $a9910131787603321 996 $aFigures de l'écrivain dans le cinéma américain : itinéraires de la "voix baladeuse"$92197930 997 $aUNINA